000 01304cam a2200337 a 4500
001 sjds16602116
003 sjds
005 20171014142206.0
008 110106s2012 mnua 001 0 eng
010 _a 2011000657
020 _a9781429669115 (hardcover)
040 _aDLC
_cDLC
_dDLC
041 1 _aeng
_aspa
_heng
042 _apcc
043 _an------
050 0 0 _aE98.D8
_bS38 2012
082 0 0 _a690/.8/08997
_222
100 1 _aSchuh, Mari C.,
_d1975-
240 1 0 _aLook inside a tepee.
_lSpanish & English
245 1 0 _aMira dentro de un tipi =
_bLook inside a tepee /
_cpor Mari Schuh.
246 3 1 _aLook inside a tepee
260 _aMankato, Minn. :
_bCapstone Press,
_c2012.
300 _a24 p. :
_bcol. ill. ;
_c24 x29 cm.
490 0 _aPebble plus bilingüe/bilingual. Mira dentro/Look inside
500 _aIncludes index.
505 0 _aWhat is a tepee? -- Building a tepee -- Inside a tepee -- Tepees today.
520 _a"Simple text and photographs present tepees, their construction, and their interaction with the environment--in both English and Spanish"--Provided by publisher.
650 0 _aTipis
_vJuvenile literature.
942 _2ddc
_cBK
999 _c18929
_d18929